Normal view
MARC view
- Chaudhary, Z.A
Entry Personal Name
001 - CONTROL NUMBER
- control field: 103534
003 - CONTROL NUMBER IDENTIFIER
- control field: NUST
005 - DATE AND TIME OF LATEST TRANSACTION
- control field: 20221124180336.0
008 - FIXED-LENGTH DATA ELEMENTS
- fixed length control field: 221124|| aca||aabn | a|a d
040 ## - CATALOGING SOURCE
- Original cataloging agency: NUST
- Transcribing agency: NUST
100 ## - HEADING--PERSONAL NAME
- Personal name: Chaudhary, Z.A
670 ## - SOURCE DATA FOUND
- Source citation: Work cat.: (NUST)190524: Chaudhary, Z.A., A hand book of Physics XII /, 2009
